Southville International School and Colleges
Your cart is empty.
  • Cart
  • Lists
    Public lists Eva Luna New books Lux_list list_1
    Your lists Log in to create your own lists
  • Log in to your account
  • Your cookies
  • Search history
Southville International School and Colleges
  • Advanced search
  • Recent comments
  • Most popular
  • Libraries

Log in to your account

Log in with GOOGLE


If you do not have an external account, but do have a local account, you can still log in:

  1. Home
  2. MARC view: Never say die /
Normal view MARC view ISBD view

Never say die / (Record no. 11004)

[ view plain ]
MARC details
000 -LEADER
fixed length control field 01088cam a22003373a 4500
001 - CONTROL NUMBER
control field 12504905
003 - CONTROL NUMBER IDENTIFIER
control field OSt
005 - DATE AND TIME OF LATEST TRANSACTION
control field 20140310182235.0
008 - FIXED-LENGTH DATA ELEMENTS--GENERAL INFORMATION
fixed length control field 871023s1987 nyu 000 1 eng d
010 ## - LIBRARY OF CONGRESS CONTROL NUMBER
LC control number 2001567032
020 ## - INTERNATIONAL STANDARD BOOK NUMBER
International Standard Book Number 0671641409 (pbk): $ 2.75
035 ## - SYSTEM CONTROL NUMBER
System control number (OCoLC)ocm16891760
040 ## - CATALOGING SOURCE
Original cataloging agency MNL
Transcribing agency MNL
Modifying agency DVA
-- SLC
-- DLC
042 ## - AUTHENTICATION CODE
Authentication code lccopycat
050 00 - LIBRARY OF CONGRESS CALL NUMBER
Classification number PZ 7
Item number .K26n16 1987
082 ## - DEWEY DECIMAL CLASSIFICATION NUMBER
Classification number FIC
Item number K25nf #16
100 1# - MAIN ENTRY--PERSONAL NAME
Personal name Keene, Carolyn.
9 (RLIN) 4653
245 10 - TITLE STATEMENT
Title Never say die /
Statement of responsibility, etc Carolyn Keene.
260 ## - PUBLICATION, DISTRIBUTION, ETC. (IMPRINT)
Place of publication, distribution, etc New York :
Name of publisher, distributor, etc Pocket Books,
Date of publication, distribution, etc c1987.
300 ## - PHYSICAL DESCRIPTION
Extent 150 ;
Dimensions 18 cm.
440 ## - SERIES STATEMENT/ADDED ENTRY--TITLE
Title The Nancy Drew Files
Number of part/section of a work #16
9 (RLIN) 18607
500 ## - GENERAL NOTE
General note "An Archway Paperback."
650 #0 - SUBJECT ADDED ENTRY--TOPICAL TERM
Topical term or geographic name as entry element Detective and mystery stories.
9 (RLIN) 4339
655 #7 - INDEX TERM--GENRE/FORM
Genre/form data or focus term Young adult fiction.
Source of term lcsh
9 (RLIN) 3735
710 2# - ADDED ENTRY--CORPORATE NAME
Corporate name or jurisdiction name as entry element Copyright Paperback Collection (Library of Congress)
Institution to which field applies DLC
9 (RLIN) 705
800 1# - SERIES ADDED ENTRY--PERSONAL NAME
Personal name Keene, Carolyn.
Title of a work Nancy Drew files (New York, N.Y.) ;
Volume/sequential designation case 16.
9 (RLIN) 18608
906 ## - LOCAL DATA ELEMENT F, LDF (RLIN)
a 7
b cbc
c copycat
d 2
e ncip
f 20
g y-genrareb
942 ## - ADDED ENTRY ELEMENTS (KOHA)
Source of classification or shelving scheme Library of Congress Classification
Koha item type
Holdings
Withdrawn status Lost status Source of classification or shelving scheme Damaged status Home library Current library Shelving location Date acquired Total Checkouts Full call number Barcode Date last seen Date checked out Copy number Price effective from Koha item type
    Library of Congress Classification   Luxembourg Library Luxembourg Library Fiction Section 09/12/2013 1 PZ 7 .K26n16 1987 5991 10/12/2017 10/11/2017 1 09/12/2013 Books

Never say die /

APA

Keene C., Copyright Paperback Collection (Library of Congress), . (1987). Never say die. New York: Pocket Books.

Chicago

Keene Carolyn, Copyright Paperback Collection (Library of Congress), . 1987. Never say die. New York: Pocket Books.

Harvard

Keene C., Copyright Paperback Collection (Library of Congress), . (1987). Never say die. New York: Pocket Books.

MLA

Keene Carolyn, Copyright Paperback Collection (Library of Congress), . Never say die. New York: Pocket Books. 1987.

  • Place hold
  • Print
  • Cite
  • Add to your cart (remove)
  • Save record
    BIBTEX Dublin Core MARCXML MARC (non-Unicode/MARC-8) MARC (Unicode/UTF-8) MARC (Unicode/UTF-8, Standard) MODS (XML) RIS
  • More searches
    Search for this title in:
    Other Libraries (WorldCat) Other Databases (Google Scholar) Online Stores (Bookfinder.com) Open Library (openlibrary.org)

Exporting to Dublin Core...

SOUTHVILLE LIBRARY

Southville International School and Colleges Library

1281 Tropical Ave. Cor. Luxembourg St., BF Homes International, Las Pinas City

Tel. No. 8256374 / 252358 Loc. 117/146

Powered by Koha